000 00977nam a2200253Ia 4500
003 OSt
005 20220923211437.0
006 a|||||r|||| 00| 0
007 ta
008 220922b |||||||| |||| 00| 0 hin d
020 _a9789350004876 (hbk)
_c125
024 _a246,117
037 _b373, 17/02/2011, Vani Prakashan
_cTextual
040 _aARTS
_cARTS
_bhin
041 _2hin
_ahin
082 _aO157,3N26,LM, 152Q0
100 _aमहाश्वेता देवी; गुप्ता, सुशीला, अनु.
_9160528
245 0 _aलालगढ़ की मीॅं
246 _aLālagaढ़ kī mīॅan
260 _aनयी दिल्ली
_b वाणी प्रकाशन
_c2010
300 _a52पृ.
_ccm.
942 _hO157,3N26,LM, 152Q0
_cTEXL
_2CC
999 _c299601
_d299601